Systém řízení střední odborné školy výsledky výzkumu, návrh modelu
Enregistré dans:
| Format: | Livre |
|---|---|
| Langue: | tchèque |
| Publié: |
Praha
Výzkumný ústav odborního školství
1985
|
| Tags: |
Pas de tags, Soyez le premier à ajouter un tag!
|
MARC
| LEADER | 00000nam a2200000 4500 | ||
|---|---|---|---|
| 001 | c108014 | ||
| 005 | 20041019155140.4 | ||
| 041 | 0 | |a cze | |
| 044 | |a CZ | ||
| 245 | 1 | 0 | |a Systém řízení střední odborné školy |b výsledky výzkumu, návrh modelu |
| 264 | 1 | |a Praha |b Výzkumný ústav odborního školství |c 1985 | |
| 300 | |a 191 s. | ||